Văn bản pháp luật về quản lý học sinh, sinh viên.

Saved in:
Bibliographic Details
Format: Book (Paper)
Language:Vietnamese
Published: H. : Chính trị Quốc gia, 2001.
Subjects:
Tags: Add Tag
No Tags, Be the first to tag this record!
Institutions: Thư viện Trường Đại học Đà Lạt
LEADER 00710nam a2200277 4500
001 DLU030020973
003 ##DLU
005 ##11/10/1978
008 ##021230t vn z000 vie d
040 # # |a DLU  |b vie 
041 # # |a vie 
044 # # |a vn 
082 # # |a 344.079  |b Van 
245 # # |a Văn bản pháp luật về quản lý học sinh, sinh viên. 
260 # # |a H. :  |b Chính trị Quốc gia,  |c 2001. 
300 # # |a 534 tr. ;  |c 21 cm 
650 # # |a Giáo dục  |x Luật và pháp chế  |z Việt Nam. 
992 # # |a 48000 
994 # # |a DLU 
900 # # |a True 
911 # # |a Thái Thị Thanh Thủy 
925 # # |a G 
926 # # |a A 
927 # # |a SH 
980 # # |a Thư viện Trường Đại học Đà Lạt